000
00330nam a2200145Ia 4500
100
_a
Pappas/Chris/ Murray/W.H
250
_a
2
942
_c
BK
654
_a
Computer
245
_a
Visuals C++ 5 Complete Reference
260
_b
Tata Mc Graw hill
_a
New Delhi
_c
1997
082
_a
5.13
_b
PAD
300
_a
998
546
_a
ENGLISH
999
_c
27442
_d
27442